00279nam a2200109Ia 4500008004000000082001800040100002100058245003600079250000500115260004100120300000800161210210b1993 xxu||||| |||| 00| 0 eng d a300.72K RAJS aRAJASHEKAR (Es). aSamajika samshodhane. Rev ed 4. a aShimoga.bBramara Prakashana.,c1993 a224